Nimeä PDGA:n Maailmanranking-listan 100 parasta miesfrisbeegolffaajaa - Statistics

Yleistilastot
  • Tätä visaa on pelattu 22 kertaa
  • Keskiarvotulos 29 / 100
Vastaustilastot
RANKING-SIJA VALTIO PELAAJA % Oikein
21. FIN VÄINÖ MÄKELÄ
100%
5. FIN NIKLAS ANTTILA
90%
6. USA PAUL MCBETH
86%
2. USA RICHARD WYSOCKI
81%
10. GER SIMON LIZOTTE
81%
9. USA EAGLE MCMAHON
76%
1. USA GANNON BUHR
76%
68. FIN JESSE NIEMINEN
76%
55. EST ALBERT TAMM
67%
3. USA CALVIN HEIMBURG
67%
44. FIN JOONA HEINÄNEN
67%
65. FIN LAURI LEHTINEN
67%
11. USA EZRA ROBINSON
62%
4. USA ISAAC ROBINSON
62%
73. EST SILVER LÄTT
62%
72. FIN TUOMAS HYYTIÄINEN
62%
7. USA ANTHONY BARELA
57%
61. USA JEREMY KOLING
57%
49. USA PAUL ULIBARRI
57%
8. USA CHRIS DICKERSON
52%
27. CZE JAKUB SEMERAD
52%
75. USA NATHAN SEXTON
52%
31. USA EZRA ADERHOLD
48%
12. USA KYLE KLEIN
48%
13. USA MATTHEW ORUM
48%
35. USA KEVIN JONES
43%
91. SWE LINUS CARLSSON
43%
34. USA ALDEN HARRIS
38%
28. USA GAVIN BABCOCK
38%
37. USA JAMES CONRAD
38%
15. USA JOSEPH ANDERSON
38%
88. EST MAURI VILLMANN
38%
20. USA ADAM HAMMES
33%
89. USA BRODIE SMITH
33%
87. USA COLTEN MONTGOMERY
33%
97. DEN HJALTE JENSEN
33%
48. USA LUKE HUMPHRIES
33%
53. USA NIKKO LOCASTRO
33%
92. CAN THOMAS GILBERT
33%
40. USA CASEY WHITE
29%
76. USA CHANDLER FRY
29%
16. USA EVAN SMITH
29%
17. USA JOEL FREEMAN
29%
29. USA MASON FORD
29%
18. USA AARON GOSSAGE
24%
24. USA ANDREW PRESNELL
24%
66. USA CONNOR ROCK
24%
71. USA DREW GIBSON
24%
99. FIN EETU TUOMINEN
24%
33. USA EMERSON KEITH
24%
46. USA GREGG BARSBY
24%
14. USA JAMES PROCTOR
24%
74. USA AIDAN SCOTT
19%
26. USA ANDREW MARWEDE
19%
23. USA BRADLEY WILLIAMS
19%
59. USA CHANDLER KRAMER
19%
54. USA EVAN SCOTT
19%
94. USA PAUL OMAN
19%
41. USA CHRIS CLEMONS
14%
19. USA COLE REDALEN
14%
25. USA COREY ELLIS
14%
45. USA GARRETT GURTHIE
14%
30. USA GAVIN RATHBUN
14%
42. USA JAKE HEBENHEIMER
14%
50. USA MATT BELL
14%
52. USA SILAS SCHULTZ
14%
93. USA TRISTAN TANNER
14%
70. USA ANDREW FISH
10%
39. USA AUSTIN TURNER
10%
32. USA BENJAMIN CALLAWAY
10%
64. USA ERIC OAKLEY
10%
90. MEX FREDY MEZA
10%
62. USA KEVIN KIEFER
10%
22. USA LUKE TAYLOR
10%
67. USA NATHAN QUEEN
10%
100. FIN NESTORI TUHKANEN
10%
51. USA PARKER WELCK
10%
77. USA PAUL KRANS
10%
38. USA RAVEN NEWSOM
10%
43. USA ROBERT BURRIDGE
10%
36. USA SULLIVAN TIPTON
10%
79. USA AJ CAREY
5%
98. USA ANDREW MIRANDA
5%
81. USA GRADY SHUE
5%
56. USA JAKE MONN
5%
84. USA LUKE SAMSON
5%
82. USA BRAEDEN SIDES
0%
69. USA CALVIN LONNQUIST
0%
85. USA CLAY EDWARDS
0%
86. USA CONNOR O'REILLY
0%
78. USA G.T. HANCOCK
0%
95. USA JAKE WOLFF
0%
96. USA JARED STOLL
0%
80. USA MASON MARCHBANKS
0%
83. USA MICAH GROTH
0%
63. USA NATE HECKER
0%
57. USA RANDON LATTA
0%
47. USA TY LOVE
0%
58. USA ZACH ARLINHAUS
0%
60. USA ZACHARY NASH
0%
Ehtoja vastaavia visoja ei löytynyt
Tulosjakauma
Jokaisen tuloksen saaneiden osuus
Persentiili vastausten määrän mukaan
Tuloshistoriasi
Et ole pelannut tätä visaa